Sistema informático para el control de la contabilidad de la Cooperativa FENICOOTAXI R.L
Plantea el desarrollo e implementación de un sistema de información que permita el monitoreo de los principales procesos contables del área de venta e inventario de los repuestos automotrices de FENICOOTAXI.
| Main Authors: | , |
|---|---|
| Other Authors: | |
| Format: | Tesis Section = Libro |
| Language: | Undetermined Spanish |
| Published: |
Managua
UNI
2021
|
| Subjects: |
| LEADER | 01083nam a2200277Ia 4500 | ||
|---|---|---|---|
| 008 | 240830s9999 xx 000 0 und d | ||
| 040 | |a BIBLIOTECA-RUSB/ Mon 005.74 R173 | ||
| 041 | |a spa | ||
| 082 | |a Mon 005.74 R173 | ||
| 100 | 1 | |a Ramírez Hernández, Lennin Alberto | |
| 100 | 1 | |b Núñez Jarquín, Alejandra Cristina | |
| 245 | 1 | 0 | |a Sistema informático para el control de la contabilidad de la Cooperativa FENICOOTAXI R.L |
| 260 | |a Managua |b UNI |c 2021 | ||
| 300 | |a 97 p. :il. | ||
| 500 | |a Incluye anexos y CD. | ||
| 502 | |a Ingeniero en Computación | ||
| 520 | 3 | |a Plantea el desarrollo e implementación de un sistema de información que permita el monitoreo de los principales procesos contables del área de venta e inventario de los repuestos automotrices de FENICOOTAXI. | |
| 650 | 7 | |a SISTEMA INFORMATICO | |
| 650 | 7 | |b BASES DE DATOS | |
| 650 | 7 | |c SISTEMAS CONTABLES | |
| 650 | 7 | |d LENGUAJE DE PROGRAMACION | |
| 650 | 7 | |e CONTROL INVENTARIO Y VENTAS | |
| 700 | 1 | |a Tutor: |b Chávez Mairena, Luis Eduardo | |
| 942 | |c BK |2 ddc | ||
| 991 | |a TESIS | ||
| 999 | |c 22217 | ||